00542 2200205 4500001002100000008004100021035002000062245005800082100002600140250002000166260003300186300002000219020002200239084001400261082000800275650002600283990000900309990000900318990000900327INLIS000000000001404 ind  a0010-0425001404 aKejadian Alam yang MenakjubkancRizky Utami Handayani aRizky Utami Handayani aCetakan pertama aDepok :bCV Arya Duta,c2018 a80 hlm.c30 cm. a978-979-094-743-6 a550 RIZ k a550 aRizky Utami Handayani a4604 a4605 a4606